02775cam a2200361 i 45000010009000000050017000090080041000260200026000670200029000930240016001220350024001380350021001620400032001830500022002151000041002372450070002782500024003482500020003722640060003923000053004525040053005055050650005585200719012086500035019276500023019627000025019859420008020109520095020189520095021139520095022089520095023039990015023981252240920250929120638.0221203s2023 enka b 001 0 eng d a1292450029qpaperback a9781292450025qpaperback a99993065976 a(OCoLC)on1352790432 a(CaBVaU)12522409 aYDXbengcYDXdYDXdUtOrBLW 4aHD58.7b.R62 20231 aRobbins, Stephen P.,d1943-eauthor.10aOrganizational behavior c/ Stephen P. Robbins, Timothy A. Judge. aNineteenth edition. aGlobal edition. 1aHarlow ;aNew York :bPearson Education Limited,c2023. a798 pages :billustrations (some color) ;c28 cm aIncludes bibliographical references and indexes.0 aWhat is organizational behavior? — Diversity, equity, and inclusion in organizations — Job attitudes — Emotions and moods — Personality and individual differences — Perception and individual decision making — Motivation concepts — Motivation: from concepts to applications — Foundations of group behavior — Understanding work teams — Communication — Leadership — Power and politics — Conflict and negotiation — Foundations of organization structure — Organizational culture and change — Human resource systems and practices — Stress and health in organizations — Appendix: Research in organizational behavior. a"For undergraduate and graduate courses in organizational behavior. The world's most successful organizational behavior text Organizational Behavior provides the information you want, in the language your students understand. Reflecting the most recent research and events within the field of OB, the 19th Edition continues its hallmark focus on clear writing, cutting-edge content, and intuitive pedagogy. There's a reason why Robbins and Judge's OB textbooks have educated millions of students and have been translated into 20 languages: because of a commitment to provide engaging, cutting-edge material that helps students understand and connect with this important field of study."--cPublisher's description. 0aOrganizational behavior.92566 0aOrganization.93581 aJudge, Tim,eeditor. 2lcc 00102lcc4070aTBSbTBSd2025-09-29l0oHD58.7 ROBpB06028r2025-09-29t1w2025-09-29y1 00102lcc4070aTBSbTBSd2025-09-29l0oHD58.7 ROBpB06029r2025-09-29t2w2025-09-29y1 00102lcc4070aTBSbTBSd2025-09-29l0oHD58.7 ROBpB06030r2025-09-29t3w2025-09-29y1 00102lcc4070aTBSbTBSd2025-09-29l0oHD58.7 ROBpB06031r2025-09-29t4w2025-09-29y1 c4984d4984